An historical atlas of modern Europe from 1789 to 1914 (Record no. 131094)

MARC details
000 -LEADER
campo de control de longitud fija 00672nam a2200193 i 4500
001 - NÚMERO DE CONTROL
campo de control 131094
003 - IDENTIFICADOR DE NÚMERO DE CONTROL
campo de control ES-MaACL
005 - FECHA Y HORA DE LA ÚLTIMA TRANSACCIÓN
campo de control 20250815005146.0
007 - CAMPO FIJO DE DESCRIPCIÓN FÍSICA--INFORMACIÓN GENERAL
campo de control de longitud fija t|
008 - DATOS DE LONGITUD FIJA--INFORMACIÓN GENERAL
campo de control de longitud fija 070214s1915 xxk r ||||1| eng d
100 1# - ENTRADA PRINCIPAL--NOMBRE DE PERSONA
Nombre de persona Robertson, C. Grant.
9 (RLIN) 97848
245 10 - MENCIÓN DEL TÍTULO
Título An historical atlas of modern Europe from 1789 to 1914
Resto del título : with an historical and explanatory text /
Mención de responsabilidad, etc. by C. Grant Robertson and J. G. Bartholomew.
260 ## - PUBLICACIÓN, DISTRIBUCIÓN, ETC.
Lugar de publicación, distribución, etc. Oxford :
Nombre del editor, distribuidor, etc. Oxford University Press,
Fecha de publicación, distribución, etc. 1915.
300 ## - DESCRIPCIÓN FÍSICA
Extensión 24 p. ;
Dimensiones 36 x 28 cm +
Material acompañante/anejo 36 map.
650 04 - PUNTO DE ACCESO ADICIONAL DE MATERIA--TÉRMINO DE MATERIA
Término de materia o nombre geográfico como elemento de entrada Historia moderna-
Subdivisión de forma Atlas
9 (RLIN) 13421
700 1# - ENTRADA AGREGADA--NOMBRE PERSONAL
Nombre de persona Bartholomew, John George.
9 (RLIN) 26131
852 ## - LOCALIZACIÓN
Ubicación ES-MaACL
Número de control de estantería B-2079
Holdings
Estatus retirado Estado de pérdida Estado de daño No para préstamo Biblioteca de origen Biblioteca actual Ubicación en estantería Fecha de adquisición Fuente de adquisición Total de préstamos Signatura topográfica completa Código de barras Visto por última vez Precio de reemplazo Tipo de ítem Koha
        Biblioteca del Ateneo de Madrid Biblioteca del Ateneo de Madrid Sala Pardo Bazán 17/01/2008     B-2079 1136483 23/02/2023 23/02/2023 Libro impreso